000 00766nam a2200253 a 4500
001 6353
003 BD-RjUL
005 20211208234229.0
008 160927s1962 enk 000 0 eng d
035 _a(BD-RjUL)6393
040 _aCOD
_cCOD
_dOCL
_dCOD
_dUKM
_dEQO
_dBD-RjUL
_beng
041 _aeng
082 0 4 _223
_a513.5
_bCRA 1962
100 1 _aCrowder, Norman A.
_920000
245 1 4 _aThe arithmetic of computers :
_ban introduction to binary and octal mathematics.
_cby Norman A. Crowder
250 _a3d ed.
260 _aLondon :
_bEnglish Universites Press,
_cc1962.
300 _avii, 472 p. ;
_c21 cm.
490 1 _aA Tutortext
504 _aIncludes index.
650 0 _aNumeration.
_920001
_xComputers.
830 0 _aA Tutortext
_9158176
942 _2ddc
_cBK
999 _c6353
_d6353